Loading...
| Current Events | 2 | 0 | 0 | 0 | 30 | 40 | 46.00 | 1 | 2 | 0.00 | 0.00 |
| History - European | 2 | 0 | 0 | 0 | 30 | 67 | 69.00 | 2 | 2 | 0.00 | 0.00 |
| History - American | 1 | 1 | 1 | 0 | 20 | 41 | 83.00 | 2 | 2 | 0.00 | 0.00 |
| Other Academic | 1 | 0 | 0 | 0 | 15 | 75 | 75.00 | 1 | 1 | 0.00 | 0.00 |
| Literature - Long Fiction | 0 | 1 | 0 | 0 | 10 | 107 | 107.00 | 1 | 1 | 0.00 | 0.00 |
| Fine Arts - Classical Music | 0 | 1 | 0 | 0 | 10 | 79 | 79.00 | 1 | 1 | 0.00 | 0.00 |
| Literature - Drama | 0 | 1 | 0 | 0 | 10 | 94 | 94.00 | 1 | 1 | 0.00 | 0.00 |
| History - World | 0 | 1 | 1 | 0 | 5 | 108 | 108.00 | 0 | 1 | 0.00 | 0.00 |
| Geography | 0 | 0 | 2 | 0 | -10 | 0.00 | 0 | 0 | 0.00 | 0.00 |